000 00356nam a22001337a 4500
020 _qPB.
040 _cFIZZA ISHAQ
082 _a509
_bROB
100 _aPALTER,M.ROBERT.
_9132003
245 _aTOWARD MODERN SCIENCE /
_cROBERT M.PALTER.
260 _aNEW YORK;
_bFARRAR,STRAUS & CUDAHY,INC.
_c1961.
300 _a489 P. ;
_c7.3X4.3X1.2 IN
942 _2ddc
_cBK
999 _c615389
_d615389